Productivity and pay during the period of severe restraint (Record no. 499855)

000 -LEADER
fixed length control field 00427cam a22001097a 4500
008 - FIXED-LENGTH DATA ELEMENTS--GENERAL INFORMATION
fixed length control field 180718b1966 xxu||||| |||| 00| 0 eng d
082 ## - DEWEY DECIMAL CLASSIFICATION NUMBER
Classification number K232x42 Un3/23
245 ## - TITLE STATEMENT
Title Productivity and pay during the period of severe restraint
Statement of responsibility, etc. by National Board For Prices and Incomes, United Kingdom
260 ## - PUBLICATION, DISTRIBUTION, ETC.
Place of publication, distribution, etc. London
Name of publisher, distributor, etc. Her Majesty's Stationery Office
Date of publication, distribution, etc. 1966
300 ## - PHYSICAL DESCRIPTION
Extent 22+p.
700 ## - ADDED ENTRY--PERSONAL NAME
Personal name United Kingdom. National Board For Prices and Incomes
Holdings
Withdrawn status Lost status Damaged status Not for loan Permanent Location Current Location Date acquired Full call number Barcode Date last seen Price effective from Koha item type
        Indian Institute of Public Administration Indian Institute of Public Administration 2018-08-04 K232x42 Un3/23 G7929 2018-08-04 2018-08-04 G

Powered by Koha